| 000 | 00688nam a22002057a 4500 | ||
|---|---|---|---|
| 003 | 0 | ||
| 005 | 20251028101548.0 | ||
| 008 | 251028b xxu||||| |||| 00| 0 eng d | ||
| 020 | _a978-1-03-238668-3 | ||
| 050 |
_aG 156.5.H47 _b.S87 2025 |
||
| 245 |
_aSustainable marketing of transformative heritage tourism / _cedited by Deepak Chhabra. |
||
| 260 |
_aNew York, NY : _bRoutledge, _c2025. |
||
| 300 |
_axxiv, 249 pages : _billustrations ; _c24 cm. |
||
| 504 | _aIncludes bibliographical references and index. | ||
| 650 |
_aHeritage tourism _xMarketing. |
||
| 650 | _aSustainable tourism. | ||
| 650 | _aCultural tourism. | ||
| 650 |
_aTourism _xEnvironmental aspects. |
||
| 942 |
_2lcc _cBK |
||
| 999 |
_c368367 _d368367 |
||